00175nam a2200073Ia 4500008004100000100002500041245002500066260001000091170620s9999 xx 000 0 und d aDr. D. N. Srivastava 0aManovigyan Prakriyan bAPOLO